| 000 | 00552cam a2200205ua 4500 | ||
|---|---|---|---|
| 020 | _c105.00 | ||
| 041 |
_aeng _h |
||
| 082 |
_a621.37 _bSAW/CO |
||
| 100 | _aSawhney, A K . | ||
| 245 |
_aCourse in electrical and electronic measurements and instrumentation / _cA K Sawhney. _hTextual Documents |
||
| 250 |
_a4 / _b. |
||
| 260 |
_aNew Delhi : _bDhanpat Rai Publishing Co. Pvt. Ltd. , _c1992. |
||
| 300 | _a1075 ; . | ||
| 365 | _a105.00 | ||
| 500 | _a*CSS | ||
| 504 | _a | ||
| 942 | _cBK | ||
| 999 |
_c10304 _d10304 |
||